000 01478nam a22002057a 4500
005 20231102121717.0
008 231026b ||||| |||| 00| 0 eng d
020 _a9781803368405
040 _cAL
041 _aeng
082 _223
_a813.6
_bSCHF
100 _aSchwab V E
_9139597
245 _aFragile threads of power
260 _aLondon
_bTitan Books
_c2023
300 _a575p.
_bPB
_c19.7x13cm.
365 _2General
_aBLCR-000056
_b₹594.00
_c
_d₹699.00
_e15%
_f17-10-2023
520 _aSeven years have passed since the doors between the worlds were sealed. Seven years since Kell, Lila and Holland stood against Osaron, a desperate battle that saved the worlds of Red, Grey and White London. Seven years since Kell’s magic was shattered, and Holland lost his life. Now Rhy Maresh rules Red London with his new family – his queen, Nadiya, their daughter Ren, and his consort, Alucard. But his city boils with conspiracy and rebellion, fuelled by rumours he is causing magic to fade from the word. Now Kosika, a child Antari, sits on the throne of White London. The queen leads her people in new rituals of sacrifice and blood in devotion to the altar of Holland Vosijk, summoning vast power she may not be able to control. Now Lila and Kell, living free on the waves, are charged by the captain of the Floating Market to retrieve an immensely powerful artefact, stolen by secretive forces.
650 _2Literature
_aAmerican Fiction
_9139598
942 _2ddc
_cBK
999 _c229030
_d229030